Report of the Committee of American Engineering Council on street traffic signs, signals, and markings

Publicado: [s.l : s.n.] , 1929
Descripción Física: 58 p. : il. col. ; 23 cm

MARC

LEADER 00000nam a2200000Ia 4500
001 23598
008 160829s1929 xx 000 0 cat d
080 |a C-3-409 
245 |a Report of the Committee of American Engineering Council on street traffic signs, signals, and markings 
260 |a [s.l. :  |b s.n.],  |c 1929 
300 |a 58 p. :  |b  il. col. ;  |c 23 cm 
650 |a Senyals i senyalització  |x Congressos   |9 48996 
650 |a Senyalització viària  |x Congressos  |9 48831 
901 |a Arxiu 
942 |n 1 
952 |0 0  |1 0  |4 0  |6 C3409  |7 1  |9 55026  |a Arxiu  |b Arxiu  |d 2012-08-14  |l 0  |o C-3-409  |p 23598  |r 2016-12-01 00:00:00  |w 2016-12-01  |y ARXIU 
999 |c 58896  |d 58896